Training programme on economic analysis and disaster management (Record no. 481700)

000 -LEADER
fixed length control field 00411cam a22001217a 4500
008 - FIXED-LENGTH DATA ELEMENTS--GENERAL INFORMATION
fixed length control field 180718b1996 xxu||||| |||| 00| 0 eng d
082 ## - DEWEY DECIMAL CLASSIFICATION NUMBER
Classification number Q39 In2
100 ## - MAIN ENTRY--PERSONAL NAME
Personal name Mehta, Aasha Kapur
245 ## - TITLE STATEMENT
Title Training programme on economic analysis and disaster management
Statement of responsibility, etc. by Aasha Kapur Mehta
260 ## - PUBLICATION, DISTRIBUTION, ETC.
Place of publication, distribution, etc. New Delhi
Name of publisher, distributor, etc. Indian Institute of Public Administration
Date of publication, distribution, etc. 1996
300 ## - PHYSICAL DESCRIPTION
Extent v.p.
650 ## - SUBJECT ADDED ENTRY--TOPICAL TERM
Topical term or geographic name entry element Disasters - Economic aspects
Holdings
Withdrawn status Lost status Damaged status Not for loan Permanent Location Current Location Date acquired Full call number Barcode Date last seen Price effective from Koha item type
        Indian Institute of Public Administration Indian Institute of Public Administration 2018-08-04 Q39 In2 GR14289 2018-08-04 2018-08-04 GR

Powered by Koha